|
|
|
|
| LEADER |
01208nam a2200229 a 4500 |
| 001 |
13482300 |
| 008 |
091205s2002 bg a f f000 0 eng d |
| 010 |
|
|
|a \\2003321955
|
| 020 |
|
|
|a 9843203518
|
| 040 |
|
|
|a DLC
|c DLC
|
| 082 |
0 |
0 |
|a 332.67/3225492
|2 21
|
| 245 |
0 |
0 |
|a Bangladesh investment handbook.
|
| 260 |
|
|
|a Dhaka :
|b Board of Investment,
|c c2002.
|
| 300 |
|
|
|a xi, 172 p. :
|b col. ill. ;
|c 25 cm.
|
| 520 |
|
|
|a Handbook on government initiatives in encouraging foreign investments in Bangladesh.
|
| 541 |
1 |
|
|e 00014860
|
| 650 |
|
0 |
|a Investments, Foreign
|x Government Policy
|z Bangladesh
|v Handbooks, manuals, etc.
|
| 710 |
1 |
|
|a Bangladesh.
|b Board of Investment.
|
| 852 |
4 |
|
|a Ayesha Abed Library
|j General shelf
|
| 999 |
|
|
|c 5906
|d 5906
|
| 952 |
|
|
|0 0
|1 0
|2 ddc
|4 1
|6 332_673225492000000_BAN_2002
|7 0
|9 5893
|a BRACUL
|b BRACUL
|c SPS
|d 2009-12-06
|g 167.00
|l 1
|o 332.673225492 BAN
|p 3010014860
|r 2013-10-08
|s 2013-03-06
|t 1
|v 334.00
|w 2009-12-06
|y BK
|x Photocopy Book. Declared as Damaged on December 10, 2023
|
| 952 |
|
|
|0 0
|1 0
|2 ddc
|4 1
|6 332_673225492000000_BAN_2002
|7 0
|9 5894
|a BRACUL
|b BRACUL
|c SPS
|d 2009-12-06
|g 167.00
|l 0
|o 332.673225492 BAN
|p 3010014859
|r 2009-12-06
|t 2
|v 334.00
|w 2009-12-06
|y BK
|x Photocopy Book. Declared as Damaged on December 10, 2023
|